[Event "World Chess Olympiad 2018"]
[Site "Batumi"]
[Date "2018.09.27"]
[Round "4"]
[Board "2"]
[WhiteFideId "6200184"]
[White "Saeheng Boonsueb"]
[BlackFideId "10002324"]
[Black "Njau Albert"]
[Result "1-0"]
[LiveChessVersion "1.4.8"]
[BlackElo "1716"]
[WhiteElo "2163"]

1. d4 {[%clk 1:30:54]} Nf6 {[%clk 1:30:45]} 2. c4 {[%clk 1:31:17]} e6
{[%clk 1:30:58]} 3. Nf3 {[%clk 1:31:40]} Bb4+ {[%clk 1:30:49]} 4. Bd2
{[%clk 1:31:59]} Be7 {[%clk 1:30:41]} 5. Nc3 {[%clk 1:30:12]} b6 {[%clk 1:29:23]}
6. e4 {[%clk 1:30:02]} d5 {[%clk 1:27:50]} 7. cxd5 {[%clk 1:13:40]} exd5
{[%clk 1:26:24]} 8. exd5 {[%clk 1:13:25]} Nxd5 {[%clk 1:23:56]} 9. Ne5
{[%clk 1:12:40]} O-O {[%clk 1:20:23]} 10. Bc4 {[%clk 1:10:52]} Be6
{[%clk 1:17:05]} 11. Qb3 {[%clk 1:03:00]} c6 {[%clk 1:13:42]} 12. O-O
{[%clk 0:56:41]} Nc7 {[%clk 1:04:14]} 13. Be3 {[%clk 0:56:36]} b5
{[%clk 0:56:29]} 14. Bxe6 {[%clk 0:56:55]} Nxe6 {[%clk 0:56:43]} 15. Rfd1
{[%clk 0:56:54]} Bf6 {[%clk 0:50:08]} 16. a4 {[%clk 0:51:33]} Qc7
{[%clk 0:37:19]} 17. axb5 {[%clk 0:50:58]} Bxe5 {[%clk 0:35:53]} 18. dxe5
{[%clk 0:51:13]} Qb7 {[%clk 0:35:02]} 19. Ra3 {[%clk 0:47:14]} Nd7
{[%clk 0:29:28]} 20. Rda1 {[%clk 0:43:46]} cxb5 {[%clk 0:24:12]} 21. Rxa7
{[%clk 0:41:20]} Ndc5 {[%clk 0:17:39]} 22. Qa2 {[%clk 0:39:04]} Qxa7
{[%clk 0:14:20]} 23. Qxa7 {[%clk 0:39:24]} Rxa7 {[%clk 0:14:42]} 24. Rxa7
{[%clk 0:39:47]} b4 {[%clk 0:14:59]} 25. Nd5 {[%clk 0:21:07]} h6 {[%clk 0:08:36]}
26. Nxb4 {[%clk 0:20:25]} Rb8 {[%clk 0:06:16]} 27. Bxc5 {[%clk 0:19:01]} Nxc5
{[%clk 0:06:17]} 28. Nc6 {[%clk 0:19:23]} Rxb2 {[%clk 0:06:27]} 29. f4
{[%clk 0:18:06]} g6 {[%clk 0:06:11]} 30. Nd8 {[%clk 0:16:43]} Nd3
{[%clk 0:03:33]} 31. g3 {[%clk 0:16:47]} g5 {[%clk 0:03:30]} 32. Nxf7
{[%clk 0:15:45]} Kg7 {[%clk 0:03:30]} 33. f5 {[%clk 0:15:44]} g4 {[%clk 0:03:00]}
34. Nd8+ {[%clk 0:13:13]} Kf8 {[%clk 0:02:29]} 35. Ne6+ {[%clk 0:12:52]} Ke8
{[%clk 0:02:13]} 36. f6 {[%clk 0:13:10]} Nxe5 {[%clk 0:01:09]} 37. Ra8+ 1-0

[Event "World Chess Olympiad 2018"]
[Site "Batumi"]
[Date "2018.09.27"]
[Round "4"]
[Board "3"]
[WhiteFideId "10002251"]
[White "Mlawa Hemed"]
[BlackFideId "6204422"]
[Black "Prasitsoonthorn Teerachoti"]
[Result "1-0"]
[LiveChessVersion "1.4.8"]
[BlackElo "1830"]
[WhiteElo "1828"]

1. Nf3 {[%clk 1:30:45]} Nf6 {[%clk 1:30:54]} 2. c4 {[%clk 1:31:05]} g6
{[%clk 1:31:07]} 3. b4 {[%clk 1:31:25]} Bg7 {[%clk 1:30:38]} 4. Bb2
{[%clk 1:31:49]} O-O {[%clk 1:30:52]} 5. g3 {[%clk 1:32:13]} d6 {[%clk 1:24:53]}
6. Bg2 {[%clk 1:32:37]} c6 {[%clk 1:25:00]} 7. O-O {[%clk 1:32:05]} e5
{[%clk 1:25:11]} 8. d3 {[%clk 1:32:30]} a5 {[%clk 1:15:42]} 9. b5
{[%clk 1:32:53]} a4 {[%clk 1:14:47]} 10. Na3 {[%clk 1:33:11]} Nfd7
{[%clk 1:10:06]} 11. Nd2 {[%clk 1:32:33]} Nc5 {[%clk 1:04:40]} 12. Rc1
{[%clk 1:27:37]} Qb6 {[%clk 1:01:51]} 13. Qc2 {[%clk 1:14:02]} Bg4
{[%clk 0:53:41]} 14. Rfe1 {[%clk 1:14:12]} Nbd7 {[%clk 0:48:34]} 15. Rb1
{[%clk 1:10:35]} Qc7 {[%clk 0:47:27]} 16. Ne4 {[%clk 0:59:22]} Ne6
{[%clk 0:27:49]} 17. h3 Bf5 {[%clk 0:28:07]} 18. Nc3 {[%clk 0:28:34]} Nec5
{[%clk 0:27:16]} 19. Qd2 {[%clk 0:26:50]} Rfe8 {[%clk 0:22:01]} 20. Ne4
{[%clk 0:25:20]} d5 {[%clk 0:13:41]} 21. Nxc5 {[%clk 0:25:28]} Nxc5
{[%clk 0:14:09]} 22. cxd5 {[%clk 0:25:39]} cxd5 {[%clk 0:13:28]} 23. Rbc1
{[%clk 0:24:29]} Qd6 {[%clk 0:12:00]} 24. Qb4 {[%clk 0:21:58]} b6
{[%clk 0:07:28]} 25. d4 {[%clk 0:22:25]} exd4 {[%clk 0:07:50]} 26. Bxd4
{[%clk 0:22:25]} Bxd4 {[%clk 0:07:50]} 27. Qxd4 {[%clk 0:20:57]} Rad8
{[%clk 0:04:33]} 28. Nb1 Qd7 29. g4 {[%clk 0:20:29]} Be4 {[%clk 0:03:19]} 30. Nc3
{[%clk 0:20:21]} Bxg2 {[%clk 0:03:22]} 31. Kxg2 {[%clk 0:20:45]} Qb7
{[%clk 0:02:38]} 32. Nxa4 {[%clk 0:20:02]} Nxa4 {[%clk 0:01:18]} 33. Qxa4
{[%clk 0:20:27]} Ra8 {[%clk 0:01:29]} 34. Qb3 {[%clk 0:20:02]} Re4
{[%clk 0:00:38]} 35. Rc6 {[%clk 0:20:16]} d4 {[%clk 0:00:38]} 36. Qd5
{[%clk 0:20:21]} Rae8 {[%clk 0:00:38]} 37. Rxg6+ {[%clk 0:20:41]} hxg6
{[%clk 0:00:38]} 38. Qxb7 {[%clk 0:21:04]} Rxe2 {[%clk 0:00:51]} 39. Rxe2
{[%clk 0:21:11]} Rxe2 {[%clk 0:01:18]} 40. Qxb6 {[%clk 0:50:58]} Rd2
{[%clk 0:30:50]} 41. Qd6 {[%clk 0:51:09]} d3 {[%clk 0:28:21]} 42. b6
{[%clk 0:51:24]} 1-0

[Event "World Chess Olympiad 2018"]
[Site "Batumi"]
[Date "2018.09.27"]
[Round "4"]
[Board "4"]
[WhiteFideId "6202268"]
[White "Pheephacharakan Pinatpong"]
[BlackFideId "10001670"]
[Black "Hassuji Nurdin"]
[Result "1-0"]
[LiveChessVersion "1.4.8"]
[BlackElo "1766"]
[WhiteElo "1836"]

1. c4 {[%clk 1:30:56]} Nf6 {[%clk 1:30:17]} 2. g3 {[%clk 1:31:18]} e6
{[%clk 1:30:15]} 3. Bg2 {[%clk 1:31:29]} d5 {[%clk 1:30:32]} 4. Nf3
{[%clk 1:31:15]} Be7 {[%clk 1:30:39]} 5. O-O {[%clk 1:31:24]} O-O
{[%clk 1:30:49]} 6. d4 {[%clk 1:26:34]} c6 {[%clk 1:29:58]} 7. Nbd2
{[%clk 1:24:54]} Nbd7 {[%clk 1:29:53]} 8. Qc2 {[%clk 1:24:40]} b6
{[%clk 1:29:12]} 9. e4 {[%clk 1:20:35]} dxe4 {[%clk 1:26:46]} 10. Nxe4
{[%clk 1:20:08]} Bb7 {[%clk 1:25:25]} 11. Ne5 {[%clk 0:51:02]} Nxe5
{[%clk 1:15:27]} 12. dxe5 {[%clk 0:51:22]} Nxe4 {[%clk 1:15:30]} 13. Bxe4
{[%clk 0:49:09]} h6 {[%clk 1:15:03]} 14. Be3 {[%clk 0:40:00]} Qc7
{[%clk 1:13:09]} 15. c5 {[%clk 0:37:25]} Qxe5 {[%clk 0:53:18]} 16. cxb6
{[%clk 0:35:50]} axb6 {[%clk 0:53:21]} 17. Bxb6 {[%clk 0:35:41]} Qb5
{[%clk 0:52:09]} 18. Be3 {[%clk 0:25:19]} Bf6 {[%clk 0:50:32]} 19. a4
{[%clk 0:19:58]} Qe5 {[%clk 0:31:27]} 20. f4 {[%clk 0:14:35]} Qc7
{[%clk 0:29:10]} 21. Rac1 {[%clk 0:13:23]} Rfd8 {[%clk 0:26:59]} 22. Rfd1
{[%clk 0:06:10]} Rxd1+ {[%clk 0:24:17]} 23. Rxd1 {[%clk 0:06:33]} Rd8
{[%clk 0:23:26]} 24. b4 {[%clk 0:05:44]} Rxd1+ {[%clk 0:20:29]} 25. Qxd1
{[%clk 0:06:00]} Be7 {[%clk 0:20:28]} 26. Qd2 {[%clk 0:04:42]} Ba6 27. Bc5
{[%clk 0:02:56]} Kf8 {[%clk 0:14:17]} 28. Qd4 {[%clk 0:03:04]} f6
{[%clk 0:09:09]} 29. Kg2 {[%clk 0:01:40]} Kf7 {[%clk 0:07:34]} 30. h4
{[%clk 0:01:13]} Ke8 {[%clk 0:06:42]} 31. Bg6+ {[%clk 0:01:08]} Kf8
{[%clk 0:06:46]} 32. Be4 {[%clk 0:00:52]} Kf7 {[%clk 0:06:59]} 33. h5
{[%clk 0:00:54]} f5 {[%clk 0:06:54]} 34. Bf3 {[%clk 0:01:06]} Bf6
{[%clk 0:06:47]} 35. Qd6 {[%clk 0:01:19]} Qxd6 {[%clk 0:02:48]} 36. Bxd6
{[%clk 0:01:43]} Bb7 {[%clk 0:02:45]} 37. b5 {[%clk 0:01:39]} cxb5
{[%clk 0:02:34]} 38. Bxb7 {[%clk 0:02:01]} bxa4 {[%clk 0:02:59]} 39. Bc6
{[%clk 0:02:09]} g6 {[%clk 0:02:09]} 40. hxg6+ {[%clk 0:31:58]} Kxg6
{[%clk 0:32:26]} 41. Be8+ {[%clk 0:31:37]} Kg7 {[%clk 0:29:15]} 42. Bxa4
{[%clk 0:31:13]} Kf7 {[%clk 0:28:35]} 43. Bb3 {[%clk 0:30:36]} Bc3
{[%clk 0:24:35]} 44. Be5 {[%clk 0:27:18]} Bb4 {[%clk 0:23:35]} 45. Kh3
{[%clk 0:27:26]} Be7 {[%clk 0:23:16]} 46. g4 {[%clk 0:15:57]} fxg4+
{[%clk 0:21:05]} 47. Kxg4 {[%clk 0:16:22]} Bf6 {[%clk 0:18:29]} 48. Kh5
{[%clk 0:16:29]} Ke7 {[%clk 0:16:31]} 49. Kxh6 {[%clk 0:16:16]} Bh4
{[%clk 0:13:52]} 50. Kg6 {[%clk 0:15:53]} Bg3 {[%clk 0:13:45]} 51. Kg5
{[%clk 0:13:13]} Bh2 {[%clk 0:13:23]} 52. Bc3 {[%clk 0:12:37]} Bg3
{[%clk 0:10:22]} 53. Bb4+ {[%clk 0:12:00]} Kd7 {[%clk 0:10:20]} 54. Ba4+
{[%clk 0:12:14]} Kd8 {[%clk 0:10:03]} 55. Bd6 {[%clk 0:12:25]} 1-0

[Event "World Chess Olympiad 2018"]
[Site "Batumi"]
[Date "2018.09.27"]
[Round "4"]
[Board "1"]
[WhiteFideId "10400222"]
[White "Karelina Polina"]
[BlackFideId "2260409"]
[Black "Aloma Vidal Robert"]
[Result "0-1"]
[LiveChessVersion "1.4.8"]
[BlackElo "2428"]
[WhiteElo "1631"]

1. e4 {[%clk 1:30:54]} c6 {[%clk 1:29:14]} 2. d3 {[%clk 1:30:49]} d5
{[%clk 1:29:14]} 3. Nd2 {[%clk 1:31:03]} g6 {[%clk 1:29:22]} 4. g3
{[%clk 1:30:17]} Bg7 {[%clk 1:29:43]} 5. Bg2 {[%clk 1:30:39]} e5 {[%clk 1:29:59]}
6. Ngf3 {[%clk 1:29:46]} Ne7 {[%clk 1:30:13]} 7. O-O {[%clk 1:29:06]} O-O
{[%clk 1:30:35]} 8. b3 {[%clk 1:27:07]} c5 {[%clk 1:07:36]} 9. Bb2
{[%clk 1:22:32]} Nbc6 {[%clk 1:04:22]} 10. Re1 {[%clk 1:19:35]} d4
{[%clk 1:03:26]} 11. a4 {[%clk 1:16:09]} h6 {[%clk 1:02:22]} 12. Qe2
{[%clk 1:11:32]} Bg4 {[%clk 1:00:33]} 13. h3 {[%clk 1:11:13]} Be6
{[%clk 1:00:56]} 14. Nc4 {[%clk 1:08:51]} a6 {[%clk 0:57:31]} 15. a5
{[%clk 1:07:04]} Bxc4 {[%clk 0:57:08]} 16. bxc4 {[%clk 1:06:41]} Nxa5
{[%clk 0:57:09]} 17. c3 {[%clk 1:04:36]} b5 {[%clk 0:55:22]} 18. cxd4
{[%clk 1:00:28]} cxd4 {[%clk 0:52:09]} 19. Nd2 {[%clk 0:57:00]} bxc4
{[%clk 0:51:56]} 20. Nxc4 {[%clk 0:54:56]} Nxc4 {[%clk 0:52:18]} 21. dxc4
{[%clk 0:55:22]} Nc6 {[%clk 0:51:52]} 22. f4 {[%clk 0:50:14]} exf4
{[%clk 0:49:16]} 23. gxf4 {[%clk 0:50:29]} d3 {[%clk 0:49:25]} 24. Qd2
{[%clk 0:49:37]} Qb6+ {[%clk 0:49:27]} 25. Kh1 {[%clk 0:42:22]} Qxb2
{[%clk 0:49:06]} 26. Qxd3 {[%clk 0:41:07]} Rfd8 {[%clk 0:44:32]} 27. Qf1
{[%clk 0:38:56]} Rd2 {[%clk 0:43:34]} 28. e5 {[%clk 0:38:58]} Rc8
{[%clk 0:42:21]} 29. Rxa6 {[%clk 0:38:30]} Nd4 {[%clk 0:41:44]} 30. Rb1
{[%clk 0:34:05]} Qc3 {[%clk 0:41:47]} 31. Bd5 {[%clk 0:33:14]} Qg3
{[%clk 0:40:56]} 32. Bg2 {[%clk 0:32:21]} Rf2 {[%clk 0:41:01]} 0-1

[Event "World Chess Olympiad 2018"]
[Site "Batumi"]
[Date "2018.09.27"]
[Round "4"]
[Board "2"]
[WhiteFideId "6900020"]
[White "Garcia Paolicchi Raul"]
[BlackFideId "10400583"]
[Black "Moncur Cecil"]
[Result "1-0"]
[LiveChessVersion "1.4.8"]
[BlackElo "1873"]
[WhiteElo "2176"]

1. d4 {[%clk 1:30:56]} g6 {[%clk 1:30:41]} 2. c4 {[%clk 1:30:59]} Bg7
{[%clk 1:31:09]} 3. e4 {[%clk 1:30:54]} Nc6 {[%clk 1:31:22]} 4. Nf3
{[%clk 1:30:44]} e5 {[%clk 1:31:21]} 5. Bg5 {[%clk 1:30:24]} Nge7
{[%clk 1:27:40]} 6. dxe5 {[%clk 1:27:20]} Nxe5 {[%clk 1:27:04]} 7. Nxe5
{[%clk 1:27:23]} Bxe5 {[%clk 1:26:53]} 8. Nc3 {[%clk 1:24:58]} h6
{[%clk 1:24:47]} 9. Be3 {[%clk 1:23:31]} d6 {[%clk 1:21:39]} 10. Qd2
{[%clk 1:23:12]} Bg7 {[%clk 1:20:16]} 11. Be2 {[%clk 1:23:15]} Be6
{[%clk 1:19:09]} 12. O-O {[%clk 1:21:48]} h5 {[%clk 1:13:51]} 13. Rac1
{[%clk 1:14:12]} O-O {[%clk 1:08:02]} 14. b3 {[%clk 1:08:27]} f5 {[%clk 0:54:18]}
15. Bh6 {[%clk 1:05:05]} a6 16. Bxg7 {[%clk 0:56:47]} Kxg7 {[%clk 0:51:18]} 17.
Nd5 {[%clk 0:53:32]} Nc6 {[%clk 0:47:46]} 18. exf5 {[%clk 0:48:20]} Bxf5
{[%clk 0:47:24]} 19. Bd3 {[%clk 0:48:07]} Rc8 {[%clk 0:43:21]} 20. Bxf5
{[%clk 0:45:46]} Rxf5 {[%clk 0:43:15]} 21. Rce1 {[%clk 0:42:57]} Ne5
{[%clk 0:38:18]} 22. f4 {[%clk 0:40:08]} Nc6 {[%clk 0:34:40]} 23. Re6
{[%clk 0:38:24]} Qf8 {[%clk 0:32:31]} 24. Rfe1 {[%clk 0:36:44]} Kh7
{[%clk 0:27:51]} 25. Qd3 {[%clk 0:26:45]} Qg7 {[%clk 0:26:55]} 26. g3
{[%clk 0:23:32]} Rcf8 {[%clk 0:23:19]} 27. Kg2 {[%clk 0:23:42]} Qb2+
{[%clk 0:20:41]} 28. R6e2 {[%clk 0:22:39]} Qg7 {[%clk 0:20:05]} 29. Re4
{[%clk 0:22:59]} Qb2+ {[%clk 0:18:22]} 30. R1e2 {[%clk 0:23:20]} Qg7
{[%clk 0:18:47]} 31. a3 {[%clk 0:23:18]} Kh6 {[%clk 0:16:50]} 32. b4
{[%clk 0:23:23]} Qf7 {[%clk 0:16:03]} 33. h3 {[%clk 0:21:09]} Ne5
{[%clk 0:13:46]} 34. Qd4 {[%clk 0:17:21]} Nxc4 {[%clk 0:13:41]} 35. Ne7
{[%clk 0:16:58]} Nxa3 {[%clk 0:07:16]} 36. Nxf5+ {[%clk 0:17:19]} Qxf5
{[%clk 0:07:35]} 37. Re7 {[%clk 0:10:58]} Rg8 {[%clk 0:06:08]} 38. Qe4
{[%clk 0:05:32]} Nb5 {[%clk 0:02:30]} 39. Qxb7 {[%clk 0:03:30]} Nc3
{[%clk 0:00:57]} 40. Rxc7 {[%clk 0:33:03]} Qd5+ {[%clk 0:31:02]} 41. Qxd5
{[%clk 0:33:27]} Nxd5 {[%clk 0:31:30]} 42. Rd7 {[%clk 0:31:54]} Nxb4
{[%clk 0:31:20]} 43. Ree7 {[%clk 0:31:40]} g5 {[%clk 0:25:16]} 44. f5
{[%clk 0:31:39]} g4 {[%clk 0:25:13]} 45. h4 {[%clk 0:32:00]} 1-0

[Event "World Chess Olympiad 2018"]
[Site "Batumi"]
[Date "2018.09.27"]
[Round "4"]
[Board "3"]
[WhiteFideId "10400044"]
[White "Small Byron"]
[BlackFideId "2274477"]
[Black "Luke Brezmes Cristofer"]
[Result "0-1"]
[LiveChessVersion "1.4.8"]
[BlackElo "2124"]
[WhiteElo "1721"]

1. e4 {[%clk 1:30:52]} e5 {[%clk 1:30:53]} 2. Nf3 {[%clk 1:31:09]} Nc6
{[%clk 1:31:16]} 3. Bc4 {[%clk 1:31:32]} Nf6 {[%clk 1:31:38]} 4. d3
{[%clk 1:31:22]} Bc5 {[%clk 1:31:49]} 5. O-O {[%clk 1:31:18]} d6 {[%clk 1:32:01]}
6. c3 {[%clk 1:30:40]} O-O {[%clk 1:31:14]} 7. b4 {[%clk 1:29:58]} Bb6
{[%clk 1:31:35]} 8. a4 {[%clk 1:13:42]} a5 {[%clk 1:31:40]} 9. b5
{[%clk 1:10:44]} Nb8 {[%clk 1:28:37]} 10. Bg5 {[%clk 1:10:30]} Be6
{[%clk 1:26:59]} 11. Nbd2 {[%clk 1:08:40]} Nbd7 {[%clk 1:26:47]} 12. Kh1
{[%clk 0:57:23]} Qe8 {[%clk 1:24:19]} 13. Bxe6 {[%clk 0:46:08]} fxe6
{[%clk 1:23:00]} 14. Nc4 {[%clk 0:46:24]} Ng4 {[%clk 1:20:07]} 15. Nxb6
{[%clk 0:46:04]} cxb6 {[%clk 1:20:15]} 16. h3 {[%clk 0:45:16]} Qh5
{[%clk 1:19:04]} 17. Be7 {[%clk 0:39:22]} Rf4 {[%clk 1:11:34]} 18. Kg1
{[%clk 0:35:56]} Nh6 {[%clk 1:03:41]} 19. Bxd6 {[%clk 0:35:52]} Nf7
{[%clk 1:03:21]} 20. Ba3 {[%clk 0:36:13]} Nc5 {[%clk 1:01:16]} 21. Bc1
{[%clk 0:35:33]} Rf6 {[%clk 1:00:24]} 22. Re1 {[%clk 0:20:04]} Rf8
{[%clk 0:36:26]} 23. d4 {[%clk 0:18:43]} Nd7 {[%clk 0:33:01]} 24. Nh2
{[%clk 0:13:21]} Qh4 {[%clk 0:28:44]} 25. Nf3 {[%clk 0:12:31]} Qh5
{[%clk 0:29:04]} 26. Nh2 {[%clk 0:10:13]} Qxd1 {[%clk 0:23:22]} 27. Rxd1
{[%clk 0:10:36]} Rc8 {[%clk 0:23:36]} 28. Bd2 {[%clk 0:08:20]} h5
{[%clk 0:20:09]} 29. f3 {[%clk 0:07:23]} Nh8 {[%clk 0:12:57]} 30. Kf2
{[%clk 0:03:29]} Rc4 {[%clk 0:11:40]} 31. Be1 {[%clk 0:02:09]} Ng6
{[%clk 0:11:33]} 32. Nf1 {[%clk 0:02:33]} Rf7 {[%clk 0:09:34]} 33. Ne3
{[%clk 0:03:01]} Rc8 {[%clk 0:10:02]} 34. Rac1 {[%clk 0:02:52]} Nf6
{[%clk 0:10:14]} 35. c4 {[%clk 0:03:10]} exd4 {[%clk 0:09:01]} 36. Rxd4
{[%clk 0:03:23]} e5 {[%clk 0:09:20]} 37. Rdd1 {[%clk 0:03:39]} Nxe4+
{[%clk 0:09:40]} 38. Kg1 {[%clk 0:04:05]} Nc5 {[%clk 0:09:35]} 39. Rd6
{[%clk 0:03:14]} Nf4 {[%clk 0:09:47]} 40. Rc2 {[%clk 0:32:56]} Rf6
{[%clk 0:36:12]} 41. Rxf6 {[%clk 0:33:20]} gxf6 {[%clk 0:36:28]} 42. Nd5
{[%clk 0:33:38]} Nxd5 {[%clk 0:33:40]} 43. cxd5 {[%clk 0:34:07]} Kf7
{[%clk 0:33:19]} 44. Bh4 {[%clk 0:20:25]} Rd8 {[%clk 0:30:23]} 45. Rc4
{[%clk 0:13:15]} Rxd5 {[%clk 0:30:20]} 46. Bf2 {[%clk 0:13:40]} f5
{[%clk 0:25:41]} 47. g4 {[%clk 0:12:10]} hxg4 {[%clk 0:20:20]} 48. hxg4
{[%clk 0:12:28]} Ke6 {[%clk 0:16:03]} 49. gxf5+ {[%clk 0:08:25]} Kxf5
{[%clk 0:16:20]} 50. Kf1 {[%clk 0:07:20]} Ke6 {[%clk 0:12:53]} 51. Ke2
{[%clk 0:07:03]} Kd6 {[%clk 0:12:59]} 52. Rh4 {[%clk 0:07:23]} Kc7
{[%clk 0:11:04]} 53. Rh7+ {[%clk 0:06:50]} Rd7 {[%clk 0:11:19]} 54. Rxd7+
{[%clk 0:05:54]} Kxd7 {[%clk 0:11:16]} 55. Bxc5 {[%clk 0:06:04]} bxc5
{[%clk 0:11:37]} 56. Kd3 {[%clk 0:00:48]} Kd6 {[%clk 0:11:39]} 0-1

[Event "World Chess Olympiad 2018"]
[Site "Batumi"]
[Date "2018.09.27"]
[Round "4"]
[Board "4"]
[WhiteFideId "6900089"]
[White "Jose Queralto Daniel"]
[BlackFideId "10400125"]
[Black "Whyms Chappell"]
[Result "1-0"]
[LiveChessVersion "1.4.8"]
[BlackElo "1595"]
[WhiteElo "2096"]

1. e4 {[%clk 1:30:57]} c6 {[%clk 1:30:24]} 2. Nc3 {[%clk 1:31:18]} d5
{[%clk 1:30:27]} 3. Nf3 {[%clk 1:31:39]} Bg4 {[%clk 1:29:01]} 4. d4
{[%clk 1:31:48]} Bxf3 {[%clk 1:27:24]} 5. Qxf3 {[%clk 1:32:13]} dxe4
{[%clk 1:27:39]} 6. Qxe4 {[%clk 1:31:58]} e6 {[%clk 1:27:18]} 7. Bc4
{[%clk 1:25:08]} Nf6 {[%clk 1:23:27]} 8. Qd3 {[%clk 1:25:15]} Bb4
{[%clk 1:22:53]} 9. O-O {[%clk 1:24:15]} O-O {[%clk 1:22:51]} 10. Bg5
{[%clk 1:13:44]} Nbd7 {[%clk 1:21:10]} 11. Rad1 {[%clk 1:11:26]} Qa5
{[%clk 1:14:48]} 12. Bd2 {[%clk 1:07:54]} Rad8 {[%clk 1:13:54]} 13. a3
{[%clk 1:07:03]} Ne5 {[%clk 1:00:17]} 14. Qe2 {[%clk 0:56:31]} Nxc4
{[%clk 0:49:02]} 15. axb4 {[%clk 0:56:56]} Qxb4 {[%clk 0:48:59]} 16. Nd5
{[%clk 0:56:52]} Qb5 {[%clk 0:45:00]} 17. Nxf6+ {[%clk 0:57:15]} gxf6
{[%clk 0:45:14]} 18. Bh6 {[%clk 0:57:37]} Kh8 {[%clk 0:38:52]} 19. Qf3
{[%clk 0:51:34]} f5 {[%clk 0:28:58]} 20. Bxf8 {[%clk 0:51:57]} Rxf8
{[%clk 0:29:04]} 21. b3 {[%clk 0:51:39]} Nd6 {[%clk 0:23:01]} 22. Qf4
{[%clk 0:49:49]} Rd8 {[%clk 0:17:27]} 23. Qe5+ {[%clk 0:42:28]} Kg8
{[%clk 0:17:19]} 24. Qf6 {[%clk 0:41:53]} Qb6 {[%clk 0:15:59]} 25. Qg5+
{[%clk 0:32:24]} Kh8 {[%clk 0:12:13]} 26. Rd3 {[%clk 0:30:08]} Ne4
{[%clk 0:09:23]} 27. Qe3 {[%clk 0:24:09]} Nf6 {[%clk 0:05:11]} 28. Qe5
{[%clk 0:23:35]} 1-0

[Event "World Chess Olympiad 2018"]
[Site "Batumi"]
[Date "2018.09.27"]
[Round "4"]
[Board "1"]
[WhiteFideId "5300118"]
[White "Eid Fadi"]
[BlackFideId "15200515"]
[Black "Handjaba Mclean"]
[Result "1-0"]
[LiveChessVersion "1.4.8"]
[BlackElo "1956"]
[WhiteElo "2328"]

1. e4 {[%clk 1:30:56]} c5 {[%clk 1:30:53]} 2. Nf3 {[%clk 1:31:18]} g6
{[%clk 1:31:18]} 3. d4 {[%clk 1:30:55]} cxd4 {[%clk 1:31:30]} 4. Nxd4
{[%clk 1:31:15]} Bg7 {[%clk 1:31:53]} 5. Nc3 {[%clk 1:31:38]} Nc6
{[%clk 1:32:09]} 6. Be3 {[%clk 1:32:01]} Nf6 {[%clk 1:32:10]} 7. Nxc6
{[%clk 1:32:20]} bxc6 {[%clk 1:32:06]} 8. e5 {[%clk 1:32:43]} Ng8
{[%clk 1:32:00]} 9. Bd4 {[%clk 1:33:00]} Qa5 {[%clk 1:30:23]} 10. Bc4
{[%clk 1:33:22]} e6 {[%clk 1:20:16]} 11. O-O {[%clk 1:31:54]} Ne7
{[%clk 1:03:13]} 12. Ne4 {[%clk 1:28:45]} O-O {[%clk 1:02:04]} 13. Bc5
{[%clk 1:27:57]} Nd5 {[%clk 0:43:30]} 14. b4 {[%clk 1:24:40]} Qd8
{[%clk 0:41:53]} 15. f4 {[%clk 1:24:51]} f5 {[%clk 0:37:49]} 16. Bxd5
{[%clk 1:17:07]} exd5 {[%clk 0:36:45]} 17. Nd6 {[%clk 1:13:27]} a5
{[%clk 0:34:51]} 18. b5 {[%clk 1:13:40]} a4 {[%clk 0:33:33]} 19. Rb1
{[%clk 1:11:34]} Qa5 {[%clk 0:33:02]} 20. Qd4 {[%clk 1:11:45]} cxb5
{[%clk 0:19:59]} 21. Qxd5+ {[%clk 1:08:27]} Kh8 {[%clk 0:19:53]} 22. Rxb5
{[%clk 1:07:36]} Qa6 {[%clk 0:17:19]} 23. Nf7+ {[%clk 1:06:40]} Rxf7
{[%clk 0:16:06]} 24. Qxf7 {[%clk 1:07:06]} h5 {[%clk 0:05:12]} 25. Qe8+
{[%clk 1:07:08]} Kh7 {[%clk 0:05:17]} 26. Rb6 {[%clk 1:07:24]} Qc4
{[%clk 0:03:23]} 27. Qxg6+ {[%clk 1:07:46]} Kg8 {[%clk 0:03:22]} 28. Qe8+
{[%clk 1:07:56]} Kh7 {[%clk 0:03:44]} 29. Qxh5+ {[%clk 1:08:02]} Kg8
{[%clk 0:04:13]} 30. Qe8+ {[%clk 1:07:17]} Kh7 {[%clk 0:04:42]} 31. Qg6+
{[%clk 1:05:19]} Kg8 {[%clk 0:04:50]} 32. Be7 {[%clk 1:03:53]} Ba6
{[%clk 0:02:45]} 33. Rfb1 {[%clk 1:04:09]} Qf7 {[%clk 0:00:40]} 34. Rb8+
{[%clk 1:03:20]} Bc8 {[%clk 0:00:55]} 35. Qxf7+ {[%clk 1:03:38]} 1-0

[Event "World Chess Olympiad 2018"]
[Site "Batumi"]
[Date "2018.09.27"]
[Round "4"]
[Board "2"]
[WhiteFideId "15200540"]
[White "Beukes Dante M"]
[BlackFideId "5300380"]
[Black "El Jawich Amro"]
[Result "1/2-1/2"]
[LiveChessVersion "1.4.8"]
[BlackElo "2276"]
[WhiteElo "2155"]

1. e4 {[%clk 1:30:56]} c5 {[%clk 1:30:50]} 2. Nf3 {[%clk 1:31:23]} d6
{[%clk 1:31:06]} 3. d4 {[%clk 1:31:49]} cxd4 {[%clk 1:31:31]} 4. Nxd4
{[%clk 1:32:16]} Nf6 {[%clk 1:31:54]} 5. Nc3 {[%clk 1:32:32]} Nc6
{[%clk 1:32:10]} 6. Bg5 {[%clk 1:32:51]} e6 {[%clk 1:32:29]} 7. Qd2
{[%clk 1:32:33]} a6 {[%clk 1:32:50]} 8. f4 {[%clk 1:32:52]} Bd7 {[%clk 1:27:55]}
9. Nb3 {[%clk 1:32:36]} h6 {[%clk 1:23:39]} 10. Bxf6 {[%clk 1:32:33]} gxf6
{[%clk 1:19:37]} 11. O-O-O {[%clk 1:32:52]} h5 {[%clk 1:16:08]} 12. Be2
{[%clk 1:30:25]} Na5 {[%clk 1:09:34]} 13. Nxa5 {[%clk 1:24:08]} Qxa5
{[%clk 1:08:44]} 14. Kb1 {[%clk 1:24:28]} O-O-O {[%clk 1:03:10]} 15. Rhf1
{[%clk 1:23:43]} Kb8 {[%clk 1:00:10]} 16. Rf3 {[%clk 1:22:49]} f5
{[%clk 0:52:56]} 17. exf5 {[%clk 1:11:27]} Qxf5 {[%clk 0:52:29]} 18. Rh3
{[%clk 1:10:51]} Be7 {[%clk 0:44:59]} 19. Rxh5 {[%clk 1:02:21]} Rxh5
{[%clk 0:45:22]} 20. g4 {[%clk 1:02:45]} Qf6 {[%clk 0:37:34]} 21. gxh5
{[%clk 1:02:42]} Bc6 {[%clk 0:34:48]} 22. Rg1 {[%clk 0:59:33]} d5
{[%clk 0:31:26]} 23. Bf3 {[%clk 0:55:01]} Bb4 {[%clk 0:27:46]} 24. a3
{[%clk 0:39:07]} Ba5 {[%clk 0:10:54]} 25. Rg3 {[%clk 0:35:22]} d4
{[%clk 0:07:49]} 26. Ne4 {[%clk 0:35:37]} Qf5 {[%clk 0:07:30]} 27. Qg2
{[%clk 0:23:27]} d3 {[%clk 0:03:30]} 28. Rg8 {[%clk 0:16:35]} dxc2+
{[%clk 0:02:20]} 29. Kxc2 {[%clk 0:16:49]} Rxg8 {[%clk 0:01:36]} 30. Qxg8+
{[%clk 0:17:11]} Kc7 {[%clk 0:01:09]} 31. Qg2 {[%clk 0:16:01]} Bxe4+
{[%clk 0:00:36]} 32. Bxe4 {[%clk 0:16:21]} Qxh5 {[%clk 0:00:44]} 33. Bxb7
{[%clk 0:13:13]} Qf5+ {[%clk 0:01:09]} 34. Qe4 {[%clk 0:13:08]} Qxe4+
{[%clk 0:00:37]} 35. Bxe4 {[%clk 0:13:28]} Be1 {[%clk 0:00:41]} 36. Kd3
{[%clk 0:10:24]} a5 {[%clk 0:00:57]} 37. Ke2 {[%clk 0:09:05]} Bh4
{[%clk 0:01:18]} 38. b4 {[%clk 0:09:13]} axb4 {[%clk 0:01:41]} 39. axb4
{[%clk 0:09:38]} Kd6 {[%clk 0:01:03]} 40. b5 {[%clk 0:38:20]} f5 {[%clk 0:31:11]}
41. Bc6 {[%clk 0:38:36]} Bd8 {[%clk 0:29:55]} 42. Kf2 {[%clk 0:35:25]} e5
{[%clk 0:29:43]} 43. fxe5+ {[%clk 0:35:36]} Kxe5 {[%clk 0:30:08]} 44. Kg3
{[%clk 0:35:50]} Kf6 {[%clk 0:30:17]} 45. h4 {[%clk 0:35:48]} f4+
{[%clk 0:30:34]} 1/2-1/2